|
|
|
|
| LEADER |
00000naa2a2200000 4500 |
| 001 |
389630 |
| 005 |
20231101063905.0 |
| 035 |
|
|
|a (RuTPU)RU\TPU\prd\22076
|
| 090 |
|
|
|a 389630
|
| 100 |
|
|
|a 20040130a2003 k y0rusy50 ca
|
| 101 |
0 |
|
|a rus
|
| 102 |
|
|
|a RU
|
| 200 |
1 |
|
|a Эколого-токсикологические характеристики компонентов анитикоррозийных консервационных составов на масляной основе
|f В. И. Вигдорович, Л. Е. Цыганкова, Н. В. Шель
|
| 320 |
|
|
|a Библиогр.: 16 назв.
|
| 461 |
|
1 |
|0 (RuTPU)RU\TPU\prd\463
|x 0204-3483
|t Инженерная экология
|o научно-аналитический журнал
|d 1995-
|
| 463 |
|
1 |
|0 (RuTPU)RU\TPU\prd\21086
|t № 5
|v С. 27-38
|d 2003
|
| 610 |
1 |
|
|a защитные антикоррозийные консервационные составы
|
| 610 |
1 |
|
|a эколого-токсикологические характеристики
|
| 610 |
1 |
|
|a минеральные масла
|
| 610 |
1 |
|
|a алкановые углеводороды
|
| 610 |
1 |
|
|a амиды карбоновых кислот
|
| 700 |
|
1 |
|a Вигдорович
|b В. И.
|
| 701 |
|
1 |
|a Цыганкова
|b Л. Е.
|
| 701 |
|
1 |
|a Шель
|b Н. В.
|
| 801 |
|
1 |
|a RU
|b 63413507
|c 20040130
|g PSBO
|
| 801 |
|
2 |
|a RU
|b 63413507
|c 20130118
|g RCR
|
| 942 |
|
|
|c BK
|